000 00248nam a2200109Ia 4500
008 200302s9999 xx 000 0 und d
100 _aAuthor
245 _aCreative Diagram in Archtecture
260 _bPublisher
260 _c2012
300 _a255 P.,
999 _c3973
_d3973